[Event "AUTO-OPEN-214"]
[Site "http://www.queenalice.com/game.php?id=135637"]
[Date "2006.12.1"]
[Round "3"]
[White "gbsalvio"]
[Black "beco"]
[Result "1-0"]
[WhiteElo "2394"]
[BlackElo "2003"]

1. Nc3 c5 2. e4 Nc6 3. Nf3 d6 4. d4 cxd4 5. Nxd4 Nf6 6. Bc4 e6 7. Be3 Be7 8. Qe2
a6 9. O-O-O Qc7 10. Bb3 O-O 11. Rhe1 Na5 12. Kb1 b5 13. g4 b4 14. Na4 Nxb3 15.
axb3 Nxe4 16. Nxe6 fxe6 17. Bb6 Qb7 18. Qxe4 Rb8 19. f4 Bd7 20. Bd4 Qxe4 21.
Rxe4 Bc8 22. Nb6 Kf7 23. Rde1 Bh4 24. Nxc8 Rfxc8 25. R1e2 Re8 26. g5 Rb5 27. Rg2
Kg6 28. f5+ Kh5 29. g6 hxg6 30. Rxe6 Rxe6 31. fxe6 Bf6 32. Rd2 Kg5 33. h3 Kh4
34. Rd3 Bxd4 35. Rxd4+ Kxh3 36. Re4 Rb8 37. Kc1 1-0

[Event "1 e4 c5 2 Na3 *"]
[Site "http://www.queenalice.com/game.php?id=139151"]
[Date "2006.12.9"]
[Round "1"]
[White "kligw"]
[Black "beco"]
[Result "1-0"]
[WhiteElo "1919"]
[BlackElo "2061"]

1. e4 c5 2. Na3 d5 3. exd5 Qxd5 4. Nb5 Qc6 5. d4 a6 6. d5 Qb6 7. Nc3 Nf6 8. Bc4
e6 9. Nge2 Bd6 10. O-O exd5 11. Bxd5 O-O 12. Bg5 Nxd5 13. Nxd5 Qc6 14. c4 Nd7
15. Be7 Re8 16. Bxd6 Nb6 17. Nxb6 Qxb6 18. Nf4 1-0

[Event "Amigo Secreto I"]
[Site "http://www.queenalice.com/game.php?id=144174"]
[Date "2006.12.20"]
[Round "1"]
[White "celsoMartins"]
[Black "beco"]
[Result "0-1"]
[WhiteElo "1567"]
[BlackElo "2016"]

1. d4 Nf6 2. c4 e6 3. Nf3 b6 4. Nc3 Bb7 5. Bg5 Bb4 6. Qc2 O-O 7. e3 c5 8. Bd3 h6
9. Bxf6 Qxf6 10. Be4 d5 11. cxd5 exd5 12. Bh7+ Kh8 13. Bd3 cxd4 14. exd4 Re8+
15. Ne5 Nc6 16. O-O Nxe5 17. dxe5 Qxe5 18. Qb3 Bxc3 19. bxc3 Rac8 20. Bb5 Re7
21. c4 dxc4 22. Bxc4 Qe4 23. f3 Qd4+ 24. Kh1 Qxc4 25. Qa3 Qe2 26. Kg1 Rc2 0-1

[Event "TAS-II-r1-j4"]
[Site "http://www.queenalice.com/game.php?id=147717"]
[Date "2006.12.29"]
[Round "-"]
[White "beco"]
[Black "AntonioMendonca"]
[Result "1/2-1/2"]
[WhiteElo "2095"]
[BlackElo "1778"]

1. e4 c5 2. Nf3 d6 3. d4 cxd4 4. Nxd4 Nf6 5. Nc3 g6 6. Be3 Bg7 7. f3 O-O 8. Qd2
Nc6 9. O-O-O Bd7 10. g4 Rc8 11. Nxc6 Rxc6 12. Bh6 Bxh6 13. Qxh6 Rxc3 14. bxc3
Qa5 15. Bd3 Qxc3 16. h4 Rc8 17. h5 Bb5 18. Qe3 Ba4 19. Qe1 Qa3+ 1/2-1/2

[Event "TAS-II-r2-j4"]
[Site "http://www.queenalice.com/game.php?id=147719"]
[Date "2006.12.29"]
[Round "-"]
[White "beco"]
[Black "jas70"]
[Result "1-0"]
[WhiteElo "2013"]
[BlackElo "1699"]

1. e4 Nf6 2. e5 Nd5 3. c4 Nb6 4. d4 d6 5. f4 dxe5 6. fxe5 Nc6 7. Be3 Bf5 8. Nc3
e6 9. Nf3 Be7 10. Be2 O-O 11. O-O f6 12. Qe1 fxe5 13. dxe5 Nb4 14. Rd1 Bd3 15.
Bxd3 Nxd3 16. Qe2 Nf4 17. Bxf4 1-0

[Event "TAS-II-r3-j4"]
[Site "http://www.queenalice.com/game.php?id=147720"]
[Date "2006.12.29"]
[Round "-"]
[White "beco"]
[Black "celsoMartins"]
[Result "1-0"]
[WhiteElo "1990"]
[BlackElo "1572"]

1. e4 c5 2. Nf3 d6 3. d4 cxd4 4. Nxd4 Nf6 5. Nc3 g6 6. Be3 Bg7 7. Be2 O-O 8. O-O
Nc6 9. f4 e5 10. Nxc6 bxc6 11. fxe5 dxe5 12. Bc5 Re8 13. Qxd8 Rxd8 14. Be7 Rd2
15. Bxf6 Rxc2 16. Bc4 Bxf6 17. Rxf6 Be6 18. Bxe6 fxe6 19. Rxe6 Rxb2 20. Rxc6 Rc2
21. a4 Rd8 22. Nd5 Re2 23. Rc7 Rb8 24. Nf6+ Kf8 25. Nd7+ 1-0

[Event "TAS-II-r4-j4"]
[Site "http://www.queenalice.com/game.php?id=147721"]
[Date "2006.12.29"]
[Round "-"]
[White "beco"]
[Black "Bruscato"]
[Result "1/2-1/2"]
[WhiteElo "2043"]
[BlackElo "1981"]

1. e4 c5 2. Nf3 d6 3. d4 cxd4 4. Nxd4 Nf6 5. Nc3 a6 6. Bg5 e6 7. f4 Qb6 8. Qd2
Qxb2 9. Rb1 Qa3 10. f5 Nc6 11. fxe6 fxe6 12. Nxc6 bxc6 13. e5 Nd5 14. Nxd5 exd5
15. Rb3 Qa4 16. Bf4 dxe5 17. Bxe5 Be7 18. Bxg7 Rg8 19. Qd4 Qxd4 20. Bxd4 c5 21.
Bf2 Rg6 22. Kd2 Be6 23. g3 d4 24. c4 Rf6 25. Be1 Rxf1 26. Rxf1 Bxc4 27. Rf2 Bxb3
28. axb3 Kd7 29. Rf7 Rh8 30. Kd3 h5 31. Kc4 Ke6 32. Rf4 Bg5 33. Rf2 Rb8 34. Ra2
Be7 35. Rxa6+ Ke5 36. Rh6 h4 37. gxh4 Rb7 38. Bd2 Kf5 39. h5 Bg5 40. Bxg5
1/2-1/2

[Event "Kadas"]
[Site "http://www.queenalice.com/game.php?id=149717"]
[Date "2007.1.3"]
[Round "2"]
[White "Tads21"]
[Black "beco"]
[Result "1-0"]
[WhiteElo "2195"]
[BlackElo "2022"]

1. h4 d5 2. h5 e5 3. h6 Nxh6 4. d4 exd4 5. Bxh6 gxh6 6. Qxd4 Qg5 7. Nc3 Bg7 8.
Qd3 Be6 9. Nf3 Qf6 10. e4 Nc6 11. exd5 O-O-O 12. Qb5 Bg4 13. O-O-O Qf4+ 14. Kb1
Bxf3 15. gxf3 a6 16. Qc5 Qb4 17. Qxb4 Nxb4 18. Bc4 a5 19. a3 Na6 20. Ne4 Bf8 21.
d6 Bxd6 22. Rd5 Bf8 23. Rxa5 Kb8 24. Rf5 Rd7 25. Rg1 c6 26. c3 Nc7 27. Bxf7 Nb5
28. Bb3 Nd6 29. Rd1 Nxf5 30. Rxd7 h5 31. Kc2 h4 32. Be6 Ng7 33. Bg4 Ka7 34. Rd8
h6 35. Nf6 1-0

[Event "TAS-II-r5-j4"]
[Site "http://www.queenalice.com/game.php?id=149834"]
[Date "2007.1.4"]
[Round "-"]
[White "beco"]
[Black "Pato"]
[Result "1-0"]
[WhiteElo "2083"]
[BlackElo "1986"]

1. d4 Nf6 2. c4 e5 3. dxe5 Ng4 4. Bf4 g5 5. Bg3 Bg7 6. Nf3 Nc6 7. Nc3 Ncxe5 8.
e3 d6 9. Qc2 Nxf3+ 10. gxf3 Ne5 11. O-O-O Be6 12. c5 Qe7 13. cxd6 cxd6 14. h4 h6
15. f4 Nc4 16. f5 Nxb2 17. Bb5+ Bd7 18. Bxd6 Nxd1 19. Rxd1 Bxb5 20. Bxe7 Rc8 21.
f6 Bxf6 22. Bxf6 1-0

[Event "TAS-II-r2-j20"]
[Site "http://www.queenalice.com/game.php?id=150698"]
[Date "2007.1.6"]
[Round "-"]
[White "Topalove"]
[Black "beco"]
[Result "1/2-1/2"]
[WhiteElo "1745"]
[BlackElo "2006"]

1. d4 d5 2. c4 dxc4 3. Nc3 e5 4. e3 exd4 5. exd4 c5 6. d5 Nf6 7. Bxc4 a6 8. Bg5
Be7 9. Nf3 b5 10. Be2 O-O 11. O-O b4 12. Na4 Nxd5 13. Bxe7 Nxe7 14. Qxd8 Rxd8
15. Nxc5 Rd5 16. Rac1 Nd7 17. Nxd7 Bxd7 18. Rc7 1/2-1/2

[Event "TRA-II-r3-j3-a"]
[Site "http://www.queenalice.com/game.php?id=151564"]
[Date "2007.1.8"]
[Round "-"]
[White "mhemzo"]
[Black "beco"]
[Result "1/2-1/2"]
[WhiteElo "1127"]
[BlackElo "1999"]

1. c4 c6 2. d4 d5 3. Nf3 e6 4. Nbd2 f5 5. g3 Nf6 6. Bg2 Bd6 7. O-O O-O 8. Ne5
Nbd7 9. Ndf3 Ne4 10. Bf4 Nxe5 11. Bxe5 Bxe5 12. Nxe5 Nd6 13. b3 Nf7 14. f4 Nxe5
15. fxe5 Bd7 16. c5 h5 17. e3 g5 18. Qxh5 Kg7 19. h4 g4 20. Kf2 Rh8 21. Qg5+
Qxg5 22. hxg5 Rh7 23. Rh1 Rah8 24. Rxh7+ Rxh7 25. Rh1 Rxh1 26. Bxh1 Kg6 27. b4
Kxg5 28. Bg2 Kg6 29. Bf1 Kf7 30. Ke1 Ke7 31. Kd2 Kd8 32. a4 a6 33. Kc3 Kc7 34.
Bd3 Kd8 35. b5 a5 36. bxc6 Bxc6 37. Bb5 Kc7 38. Kb3 Kd7 39. Bxc6+ bxc6 40. Kc3
1/2-1/2

[Event "TRA-II-r3-j3-b"]
[Site "http://www.queenalice.com/game.php?id=151565"]
[Date "2007.1.8"]
[Round "-"]
[White "mhemzo"]
[Black "beco"]
[Result "1-0"]
[WhiteElo "1087"]
[BlackElo "2022"]

1. c4 c5 2. Nc3 Nc6 3. Nf3 g6 4. e3 Bg7 5. d4 d6 6. Be2 Nf6 7. O-O O-O 8. d5 Ne5
9. Nxe5 dxe5 10. e4 a6 11. Rb1 Qd6 12. Qd3 Rd8 13. Qg3 e6 14. Bg5 exd5 15. cxd5
b5 16. f4 Re8 17. fxe5 Qxe5 18. Qxe5 Rxe5 19. Bxf6 1-0

[Event "TRA-II-r3-j3-c"]
[Site "http://www.queenalice.com/game.php?id=151566"]
[Date "2007.1.8"]
[Round "-"]
[White "beco"]
[Black "mhemzo"]
[Result "1/2-1/2"]
[WhiteElo "1999"]
[BlackElo "1127"]

1. e4 e6 2. d4 d5 3. exd5 exd5 4. Nf3 Nf6 5. Bd3 Be7 6. O-O O-O 7. Bg5 h6 8. Bh4
Nc6 9. h3 Nb4 10. Nc3 Nxd3 11. Qxd3 c6 12. Rfe1 Be6 13. Bg3 Qb6 14. b3 Qa5 15.
Ne5 Bb4 16. Re3 Bxc3 17. Qxc3 Qxc3 18. Rxc3 Ne4 19. Re3 Nxg3 20. Rxg3 Rfe8 21.
Re1 Bf5 22. Rc1 f6 23. Nd3 Re2 24. Nf4 Rxc2 25. Rxc2 Bxc2 26. Nh5 g6 27. Nxf6+
Kg7 28. Ng4 1/2-1/2

[Event "TAS-II-r1-j2"]
[Site "http://www.queenalice.com/game.php?id=152935"]
[Date "2007.1.11"]
[Round "-"]
[White "antonius"]
[Black "beco"]
[Result "1-0"]
[WhiteElo "2178"]
[BlackElo "1999"]

1. d4 d5 2. Nc3 Nf6 3. Bg5 h6 4. Bxf6 exf6 5. e4 Bb4 6. Ne2 O-O 7. a3 Bxc3+ 8.
Nxc3 dxe4 9. Qd2 f5 10. O-O-O c6 11. f3 exf3 12. gxf3 Be6 13. Rg1 Qh4 14. Ne2
Nd7 15. Nf4 1-0

[Event "Brazil Open"]
[Site "http://www.queenalice.com/game.php?id=162604"]
[Date "2007.2.2"]
[Round "2"]
[White "beco"]
[Black "CCapivara"]
[Result "1-0"]
[WhiteElo "1992"]
[BlackElo "1931"]

1. e4 d6 2. d4 Nf6 3. Nc3 c6 4. Nf3 Bg4 5. Be2 Nbd7 6. O-O e5 7. Be3 Be7 8. Qd3
O-O 9. Rad1 Qc7 10. h3 Bh5 11. g4 Bg6 12. Nh4 Rad8 13. g5 Nh5 14. Nxg6 hxg6 15.
h4 f6 16. Bxh5 gxh5 17. Qc4+ Kh7 18. Nd5 Nb6 19. Qe2 Nxd5 20. Qxh5+ Kg8 21. g6
1-0

[Event "TAS-II-r3-j11"]
[Site "http://www.queenalice.com/game.php?id=179702"]
[Date "2007.3.10"]
[Round "-"]
[White "kabbal"]
[Black "beco"]
[Result "0-1"]
[WhiteElo "1288"]
[BlackElo "2043"]

1. d4 d5 2. c4 dxc4 3. Nf3 a6 4. a4 Nf6 5. Nc3 c5 6. e3 e6 7. Bxc4 Nc6 8. O-O
Be7 9. d5 exd5 10. Bxd5 Nxd5 11. Qxd5 Be6 12. Qe4 O-O 13. Bd2 Qd7 14. Rfd1 Bb3
15. Rdc1 Rfe8 16. Qb1 Rad8 0-1

[Event "Kadas"]
[Site "http://www.queenalice.com/game.php?id=185397"]
[Date "2007.3.21"]
[Round "3"]
[White "beco"]
[Black "Savage_king"]
[Result "1-0"]
[WhiteElo "1999"]
[BlackElo "1895"]

1. h4 d5 2. h5 e5 3. h6 Nc6 4. hxg7 Bxg7 5. e3 Qd6 6. Nc3 Bf5 7. Bd3 e4 8. Be2
Nf6 9. g4 Bg6 10. g5 Nd7 11. Nh3 a6 12. Nf4 Nb6 13. d4 O-O-O 14. Bd2 f5 15. Rh3
Ne7 16. Bf1 Nc6 17. Qe2 Kb8 18. O-O-O Na5 19. Nxe4 fxe4 20. Bxa5 Nc4 21. Bc3 b5
22. b3 Nb6 23. Rg3 Ka7 24. Kb1 c6 25. Bh3 Rhe8 26. Bb2 a5 27. Bg4 a4 28. Nxg6
hxg6 29. Rh1 Rh8 30. Rgh3 a3 31. Rxh8 Bxh8 32. Rh7+ Ka6 33. Bc1 Nc4 34. c3 Na5
35. f3 Kb6 36. fxe4 dxe4 37. Qf1 Rf8 38. Qh1 1-0

[Event "Brazil Open"]
[Site "http://www.queenalice.com/game.php?id=194688"]
[Date "2007.4.10"]
[Round "3"]
[White "clauberfm"]
[Black "beco"]
[Result "1-0"]
[WhiteElo "2127"]
[BlackElo "2045"]

1. e4 c6 2. Nc3 d5 3. exd5 cxd5 4. Bb5+ Bd7 5. Nf3 Nf6 6. O-O e6 7. Re1 Bb4 8.
a3 Bxc3 9. Bxd7+ Nbxd7 10. dxc3 O-O 11. Be3 Re8 12. Qd4 e5 13. Qh4 Rc8 14. Rad1
Rc4 15. Qh3 Re4 16. Ng5 Rc4 17. Qf5 1-0

[Event "o Pato Pateta Pulou a Panela"]
[Site "http://www.queenalice.com/game.php?id=211629"]
[Date "2007.5.16"]
[Round "-"]
[White "beco"]
[Black "Pato"]
[Result "0-1"]
[WhiteElo "2032"]
[BlackElo "1978"]

1. e4 Nc6 2. d4 e5 3. Nf3 exd4 4. Nxd4 Bc5 5. Nb3 Be7 6. Bb5 d6 7. Nc3 Nf6 8.
O-O O-O 9. f4 a6 10. Bxc6 bxc6 11. Be3 a5 12. Qf3 a4 13. Nd4 Bd7 14. e5 Ng4 15.
Nxc6 Bxc6 16. Qxg4 Rb8 17. b3 dxe5 18. fxe5 Rb4 19. Rf4 Rxf4 20. Qxf4 Qa8 0-1

[Event "1 e4 c5 2 Na3 *"]
[Site "http://www.queenalice.com/game.php?id=214764"]
[Date "2007.5.22"]
[Round "2"]
[White "beco"]
[Black "CCapivara"]
[Result "0-1"]
[WhiteElo "2014"]
[BlackElo "2043"]

1. e4 c5 2. Na3 Nc6 3. c3 e5 4. Nc2 d5 5. exd5 Qxd5 6. d3 Bf5 7. Nf3 Rd8 8. Ne3
Qd7 9. Nxf5 Qxf5 10. Be2 e4 11. Nh4 Qf6 12. g3 exd3 13. Bf3 c4 14. O-O Bc5 15.
Bg2 Nge7 0-1

[Event "Kadas"]
[Site "http://www.queenalice.com/game.php?id=267252"]
[Date "2007.9.5"]
[Round "4"]
[White "dilucia"]
[Black "beco"]
[Result "1/2-1/2"]
[WhiteElo "2326"]
[BlackElo "2011"]

1. h4 d5 2. h5 e5 3. h6 Nxh6 4. d4 Nc6 5. Bxh6 gxh6 6. c3 Bf5 7. dxe5 Nxe5 8.
Nd2 Qe7 9. e3 O-O-O 10. Ngf3 Rg8 11. Qa4 Kb8 12. Nxe5 Qxe5 13. O-O-O Qf6 14. Qd4
Qe6 15. Qh4 Rd6 16. Nb3 Rg4 17. Qh2 Bg7 18. Nc5 Qe7 19. Bd3 Bg6 20. Qh3 Rg5 21.
Rhg1 f5 22. g3 Rb6 23. Nb3 a5 24. Nd4 c5 25. Ne2 a4 26. a3 d4 27. exd4 cxd4 28.
c4 Qc5 29. Qh4 Bf7 30. Rd2 Rb3 31. Rgd1 Rxd3 32. Rxd3 Bxc4 33. Kb1 Bxd3+ 34.
Rxd3 Qb5 1/2-1/2

[Event "Amigo Secreto I"]
[Site "http://www.queenalice.com/game.php?id=272673"]
[Date "2007.9.16"]
[Round "3"]
[White "Bruscato"]
[Black "beco"]
[Result "1-0"]
[WhiteElo "2033"]
[BlackElo "2024"]

1. e4 e5 2. Nf3 Nf6 3. Nxe5 d6 4. Nc4 Nxe4 5. d3 Nf6 6. Be2 Nc6 7. O-O d5 8. Ne3
Bc5 9. c3 O-O 10. d4 Bd6 11. Nd2 Re8 12. Nf3 Be6 13. Ng5 Bd7 14. Qc2 h6 15. Nf3
Rc8 16. Bd2 Re7 17. Rfe1 Qf8 18. Nf5 Bxf5 19. Qxf5 Rce8 20. Be3 Re6 21. Bd3 g5
22. Nd2 Bf4 23. Bb5 a6 24. Bxc6 bxc6 25. Qd3 Ng4 26. Nf1 Qd6 27. g3 Bxe3 28.
Nxe3 Nxe3 29. Rxe3 Rxe3 30. fxe3 c5 31. Rf1 c4 32. Qe2 Qe6 33. Rf3 Kg7 34. b3
1-0